000 010760am a2200253 004500
003 EG-GiCUC
008 061210s1997 ua g 000 0dara d
017 _a97 / 13423
_bمصر.دار الكتب
040 _aEG-GiCUC
_bara
_cEG-GiCUC
050 4 _aBP184.25
_bI26 1997
092 0 4 _a213
_bA234
_221
099 _a04
_a213 A234
100 1 _aابن علوى الحدادى : عبدالله بن علوى بن محمد الحسينى :
_dت1720
245 1 2 _aالنصائح الدينية والوصايا /
_cعبدالله بن علوى الحدادى الحسينى ؛ اشرف على تحقيقة وراجعة و قدم له على عبد الرحمن الهاشم
260 _aالقاهرة :
_bع.ع.الهاشم :
_c1997
300 _a463ص ؛
_c24سم
504 _aيشتمل على ارجاعات ببليوجرافية
650 7 _aالوعظ والارشاد
_2qrmak
700 1 _aالهاشم : على عبد الرحمن :
_eمحقق
902 _a1
905 _aابراهيم
_eمدخل
905 _aايمان ع
_eمراجع
942 _2ddc
_cBK
999 _c90121
_d90121